A prenyl pyrophosphate synthase gene from the zygomycete fungus, Gilbertella persicaria
In this study, a prenyl pyrophosphate synthase gene was cloned and characterized in the zygomycete fungus Gilbertella persicaria. The coding region of the isolated gene comprises a total of 1328 bp determining a 350 amino acids length putative protein and five introns (60, 65, 43, 59, and 48 bp in l...
Elmentve itt :
| Szerző: | |
|---|---|
| Dokumentumtípus: | Cikk |
| Megjelent: |
2011
|
| Sorozat: | Acta biologica Szegediensis
55 No. 1 |
| Kulcsszavak: | Természettudomány, Biológia |
| Online Access: | http://acta.bibl.u-szeged.hu/23150 |
| LEADER | 01538nab a2200193 i 4500 | ||
|---|---|---|---|
| 001 | acta23150 | ||
| 005 | 20210413082707.0 | ||
| 008 | 161017s2011 hu o 0|| eng d | ||
| 022 | |a 1588-385X | ||
| 040 | |a SZTE Egyetemi Kiadványok Repozitórium |b hun | ||
| 041 | |a eng | ||
| 100 | 1 | |a Nagy Gábor | |
| 245 | 1 | 2 | |a A prenyl pyrophosphate synthase gene from the zygomycete fungus, Gilbertella persicaria |h [elektronikus dokumentum] / |c Nagy Gábor |
| 260 | |c 2011 | ||
| 300 | |a 7-12 | ||
| 490 | 0 | |a Acta biologica Szegediensis |v 55 No. 1 | |
| 520 | 3 | |a In this study, a prenyl pyrophosphate synthase gene was cloned and characterized in the zygomycete fungus Gilbertella persicaria. The coding region of the isolated gene comprises a total of 1328 bp determining a 350 amino acids length putative protein and five introns (60, 65, 43, 59, and 48 bp in length) dispersed in the whole coding region. Based on the analysis of the nucleotide and the corresponding amino acid sequence, the gene encodes a farnezyl pyrophosphate synthase, and it was named as isoA. In a phylogeny inferred from amino acid sequences of fungal prenyl pyrophosphate synthases, the Gilbertella isoA proved to be the most closely related to that of Mucor circinelloides. Carotenoid composition of G. persicaria was also investigated: it produces B-carotene as the main carotenoid, but it also contains small amounts of B-cryptoxanthin, zeaxanthin and astaxanthin. | |
| 695 | |a Természettudomány, Biológia | ||
| 856 | 4 | 0 | |u http://acta.bibl.u-szeged.hu/23150/1/5507.pdf |z Dokumentum-elérés |